Clarity on qualifying works (Record no. 84547)

MARC details
000 -LEADER
fixed length control field 01109cab a22002175a 4500
001 - CONTROL NUMBER
control field L158254
008 - FIXED-LENGTH DATA ELEMENTS--GENERAL INFORMATION
fixed length control field 141113e20141108xxk 000 0 eng d
035 ## - SYSTEM CONTROL NUMBER
System control number (Sirsi) u158254
041 0# - LANGUAGE CODE
Language code of text/sound track or separate title eng
100 1# - MAIN ENTRY--PERSONAL NAME
Personal name Seitler, Jonathan
245 00 - TITLE STATEMENT
Title Clarity on qualifying works
260 ## - PUBLICATION, DISTRIBUTION, ETC.
Date of publication, distribution, etc. 2014
490 ## - SERIES STATEMENT
Series statement Estates Gazette
Volume/sequential designation (1445) 8 November 2014, 108-110(3)
520 ## - SUMMARY, ETC.
Summary, etc. Explains why the Court of Appeal decision in Phillips v Francis is positive news for landlords and tenants. This decision provides clarity on the questions of what the £250 tenant thresold relates to for the purposes of consultation with residential tenants under the Landlord and Tenant Act 1985. The Court has confirmed that a single set of qualifying works should be determined in a common sense way regarding whether items of work are subject to the same contract, done at more or less the same time or are otherwise connected or of similar character.
590 ## - LOCAL NOTE (RLIN)
Local note KA
650 24 - SUBJECT ADDED ENTRY--TOPICAL TERM
Topical term or geographic name entry element SERVICE CHARGES
650 24 - SUBJECT ADDED ENTRY--TOPICAL TERM
Topical term or geographic name entry element PHILLIPS V FRANCIS
690 ## - LOCAL SUBJECT ADDED ENTRY--TOPICAL TERM (OCLC, RLIN)
Topical term or geographic name as entry element Landlord and tenant
9 (RLIN) 6252
690 ## - LOCAL SUBJECT ADDED ENTRY--TOPICAL TERM (OCLC, RLIN)
Topical term or geographic name as entry element Residential property
9 (RLIN) 6266
942 ## - ADDED ENTRY ELEMENTS (KOHA)
Suppress in OPAC 0
Holdings
Withdrawn status Lost status Source of classification or shelving scheme Damaged status Not for loan Home library Current library Shelving location Date acquired Total Checkouts Full call number Barcode Date last seen Copy number Price effective from Koha item type
    Dewey Decimal Classification     London London Journal article 13/11/2014   L158254 158254-1001 06/08/2019 1 06/08/2019 Journal article